Responses for show #5464 - Thursday, May 15, 2008

2008 College Championship final game 1.
From the Kohl Center at the University of Wisconsin-Madison.

Contestants

[<< previous game]

Danielle Zsenak, a senior from Marquette University

Andrew Chung, a sophomore from Harvey Mudd College

Joey Beachum, a senior from Mississippi State University

[next game >>]

Jeopardy! Round responses

THEY HAIL FROM WISCONSIN
CLASSIC MOVIES
GET ME A SNACK!
BOOKS & AUTHORS
CHEER LEADERS
"RA", "RA", "SIS", "BOOM", "BA"
(Alex: A lot of quotation marks there. Not all of those words or letters are going to come up in each correct response.)
    $200 1
the Vietnam War

Danielle
    $200 25
The Sound of Music

Andrew
    $200 6
licorice

Danielle
    $200 19
Anne Rice

Joey
    $200 14
Vladimir Putin

Andrew
    $200 26
Rastafarianism

Joey
    $400 2
Joe McCarthy

Andrew
    $400 20
It's a Wonderful Life

Danielle
    $400 7
bratwursts

Andrew
    $400 21
1876

Triple Stumper
    $400 15
New Zealand

Andrew
    $400 27
Ramses (II)

Danielle
    $1,000 3
Laura Ingalls Wilder

Andrew
    $600 11
The Godfather

Andrew
    $600 8
Snickers

Andrew
    $600 22
John Irving

Triple Stumper
    $600 16
(Alex: The country was [*], following the elections.)

Kenya

Triple Stumper
    $600 28
the Sistine Chapel

Joey
    $800 4
the Mercury astronauts

Andrew
    $800 12
The Wizard of Oz

Andrew
    $800 9
(Andrew: Ugh!)

a cow pie

Andrew
    $800 23
Daughter

Danielle
    $800 17
Canada

Danielle
    $800 29
a boomerang

Joey
    $1000 5
Seymour Cray

Triple Stumper
    $1000 13
Monty Python and the Holy Grail

Joey
    $1000 10
(Joey: What is a circle?)
...
(Alex: [*], coeur, yes! That's the French word for [*].)

a heart

JoeyDanielle
    $1000 24
(Alex: Confessions of Nat Turner by [*].)

William Styron

Triple Stumper
    $1000 18
Mexico

Andrew
    $1000 30
a baboon

Joey

Scores at the first commercial break (after clue 15):

Joey Andrew Danielle
$0 $6,000 $1,400

Scores at the end of the Jeopardy! Round:

Joey Andrew Danielle
$2,800 $7,200 $3,800

Double Jeopardy! Round responses

PERU
IT'S AN OLYMPIC YEAR
VARMINTS
HOMECOMING
OPERA SLAYS ME
2 Ds & 1 C
    $400 1
an earthquake

Danielle
    $400 10
Australia

Andrew
    $400 21
(Joey: What is a skunk?)

a porcupine

JoeyDanielle
    $400 20
swallows

Andrew
    $400 2
Ivan the Terrible

Danielle
    $400 26
cuddle

Andrew
    $800 4
the Moors

Andrew
    $800 11
Athens

Andrew
    $800 22
a possum

Joey
    $2,000 16
Marco Polo

Joey
    $800 3
San Francisco

Joey
    $800 27
crowded

Danielle
    $1200 5
alpacas

Danielle
    $2,000 12
Germany

Andrew
    $1200 23
a woodpecker

Danielle
    $1200 17
Penelope

Danielle
    $1200 6
Queen Elizabeth

Andrew
    $1200 30
a crawdad

Andrew
    $1600 9
(Jose de San) Martin

Joey
    $1600 13
(Joey: What is 1996?)
...
(Alex: Yes, Salt Lake City.)

2002

JoeyAndrew
    $1600 24
raccoons

Joey
    $1600 18
the Amistad

Joey
    $1600 7
(Joey: Who is Tchaikovsky?)

Rossini

Joey
Triple Stumper
    $1600 29
dachshunds

Danielle
    $2000 15
terraces

Joey
    $2000 14
(Joey: What is 1988?)
(Andrew: What is 1980?)
...
(Alex: Sandwiched right in between those two is [*], which would have been the correct response.)

1984

JoeyAndrew
Triple Stumper
    $2000 25
a coyote

Andrew
    $2000 19
(Boss) Tweed

Danielle
    $2000 8
Hoffmann

Danielle
    $2000 28
backhanded

Andrew

Scores at the end of the Double Jeopardy! Round:

Joey Andrew Danielle
$7,600 $18,000 $15,000

Final Jeopardy! Round responses

HISTORIC JOURNALS
(Alex: The party that he was referring to was that of Amundsen and his Norwegian team, and you are right.)
JoeyWho was Scott?
$7,600
DanielleWho is Scott
$15,000
AndrewWho is Scott Peary?
$6,002
Robert F. Scott

Final scores:

Joey Andrew Danielle
$15,200 $11,998 $30,000

Game dynamics:

Coryat scores:

Joey Andrew Danielle
$6,400 $16,800 $15,000
13 R
(including 1 DD),
5 W
23 R
(including 2 DDs),
1 W
17 R,
0 W

Combined Coryat: $38,200

The J! Archive is created by fans, for fans. The Jeopardy! game show and all elements thereof, including but not limited to copyright and trademark thereto, are the property of Jeopardy Productions, Inc. and are protected under law. This website is not affiliated with, sponsored by, or operated by Jeopardy Productions, Inc. Join the discussion at JBoard.tv.